Narrative of the embassy of Ruy Gonzalez de Clavijo to the court of Timour at Samarcand, A.D. 1403-6. (Record no. 234967)

000 -LEADER
fixed length control field 01681cam a2200385 4500
001 - CONTROL NUMBER
control field 765233
003 - CONTROL NUMBER IDENTIFIER
control field Nust
005 - DATE AND TIME OF LATEST TRANSACTION
control field 20170403174652.0
008 - FIXED-LENGTH DATA ELEMENTS--GENERAL INFORMATION
fixed length control field 710902r19701859nyub b 000 0 eng
010 ## - LIBRARY OF CONGRESS CONTROL NUMBER
LC control number 70141355
020 ## - INTERNATIONAL STANDARD BOOK NUMBER
International Standard Book Number 0833722344
040 ## - CATALOGING SOURCE
Original cataloging agency DLC
Transcribing agency DLC
Modifying agency DLC
041 1# - LANGUAGE CODE
Language code of text/sound track or separate title eng
Language code of original spa
043 ## - GEOGRAPHIC AREA CODE
Geographic area code e------
-- a------
050 00 - LIBRARY OF CONGRESS CALL NUMBER
Classification number G161
Item number .H22 no. 26
082 00 - DEWEY DECIMAL CLASSIFICATION NUMBER
Classification number 910.946
Author Mark GON
100 2# - MAIN ENTRY--PERSONAL NAME
Personal name González de Clavijo, Ruy,
Dates associated with a name -1412.
240 10 - UNIFORM TITLE
Uniform title Embajada a Tamorlán.
Language of a work English
245 10 - TITLE STATEMENT
Title Narrative of the embassy of Ruy Gonzalez de Clavijo to the court of Timour at Samarcand, A.D. 1403-6.
Statement of responsibility, etc. Translated for the first time, with notes, a pref., and an introductory life of Timour Beg, by Clements R. Markham.
260 ## - PUBLICATION, DISTRIBUTION, ETC.
Place of publication, distribution, etc. New York,
Name of publisher, distributor, etc. B. Franklin
Date of publication, distribution, etc. [1970]
300 ## - PHYSICAL DESCRIPTION
Extent lvi, 200 p.
Other physical details fold. map.
Dimensions 23 cm.
490 1# - SERIES STATEMENT
Series statement Works issued by the Hakluyt Society, no. 26
500 ## - GENERAL NOTE
General note On cover: The embassy of Ruy Gonzalez de Clavijo to the court of Timour.
500 ## - GENERAL NOTE
General note Reprint of the 1859 ed.
500 ## - GENERAL NOTE
General note Translation of Historia del gran Tamorlan.
600 00 - SUBJECT ADDED ENTRY--PERSONAL NAME
Personal name Timur,
Dates associated with a name 1336-1405
Form subdivision Early works to 1800.
650 #0 - SUBJECT ADDED ENTRY--TOPICAL TERM
Topical term or geographic name entry element Conquerors
Geographic subdivision Asia, Central
General subdivision Biography.
651 #0 - SUBJECT ADDED ENTRY--GEOGRAPHIC NAME
Geographic name Europe
General subdivision Description and travel
-- Early works to 1800.
651 #0 - SUBJECT ADDED ENTRY--GEOGRAPHIC NAME
Geographic name Asia
General subdivision Description and travel
-- Early works to 1800.
651 #0 - SUBJECT ADDED ENTRY--GEOGRAPHIC NAME
Geographic name Asia, Central
General subdivision Kings and rulers
-- Biography.
700 1# - ADDED ENTRY--PERSONAL NAME
Personal name Markham, Clements R.
Fuller form of name (Clements Robert),
Titles and other words associated with a name Sir,
Dates associated with a name 1830-1916,
Relator term ed.
740 0# - ADDED ENTRY--UNCONTROLLED RELATED/ANALYTICAL TITLE
Uncontrolled related/analytical title Embassy of Ruy Gonzalez de Clavijo to the court of Timour.
830 #0 - SERIES ADDED ENTRY--UNIFORM TITLE
Uniform title Works issued by the Hakluyt Society ;
Volume/sequential designation no. 26.
906 ## - LOCAL DATA ELEMENT F, LDF (RLIN)
a 7
b cbc
c orignew
d 4
e ncip
f 19
g y-gencatlg
942 ## - ADDED ENTRY ELEMENTS (KOHA)
Source of classification or shelving scheme
Koha item type Book
Holdings
Withdrawn status Lost status Source of classification or shelving scheme Damaged status Not for loan Permanent Location Current Location Date acquired Total Checkouts Full call number Barcode Date last seen Price effective from Koha item type
          School of Civil and Environmental Engineering (SCEE) School of Civil and Environmental Engineering (SCEE) 04/03/2017   910.946 GON NIT-9032 04/03/2017 04/03/2017 Book
© 2023 Central Library, National University of Sciences and Technology. All Rights Reserved.